| 000 | 00424cam a22001097a 4500 | ||
|---|---|---|---|
| 008 | 180718b1956 xxu||||| |||| 00| 0 eng d | ||
| 082 | _aRQ503x 42 Un 3 | ||
| 245 |
_aIndex to commissioner's decisions : under the national insurances _cby Ministry Of Pension And National Insurance, London |
||
| 260 |
_aLondon _bHer Majesty's Stationery Office _c1956 |
||
| 300 | _av.p. | ||
| 700 | _aU.K. Ministry Of Pension And National Insurance | ||
| 999 |
_c418606 _d418606 |
||